| 000 | 00721nam a22001817a 4500 | ||
|---|---|---|---|
| 005 | 20260515125930.0 | ||
| 008 | 260513b |||||||| |||| 00| 0 eng d | ||
| 020 | _a9789352872794 | ||
| 040 | _cVITAP | ||
| 082 |
_223rd Ed. _a378.54 TIL |
||
| 100 |
_aTilak, Jandhyala B. G. _917448 |
||
| 245 |
_aThe Collected Writings of Jandhyala B.G. Tilak _b: Dilemmas in Reforming Higher Education in India _c/ Jandhyala B. G. Tilak |
||
| 260 |
_aHyderabad _bOrient BlackSwan Private Limited _c2018 |
||
| 300 | _axxxiii, 518p. : ill. ; 22cm | ||
| 500 | _aIt includes Index Pages. | ||
| 650 | 0 |
_aEducation; Higher -- India; Educatio, Higher -- India -- Finance; Privatization in education -- India _2 _917451 |
|
| 942 |
_2ddc _cREF |
||
| 999 |
_c47411 _d47411 |
||